Statistics for Antonyms Quiz

Click here to take the quiz!

General Stats

  • This quiz has been taken 594 times
  • The average score is 15 of 15

Answer Stats

HintAnswer% Correct
DeadAlive
100%
HotCold
100%
BoyGirl
100%
BigLittle
100%
NorthSouth
100%
EastWest
100%
AgreeDisagree
99%
CatDog
99%
HappySad
99%
CleanDirty
98%
WetDry
98%
FullEmpty
97%
DarkLight
96%
WarPeace
96%
EvenOdd
82%

Score Distribution

Percentile by Number Answered

Percent of People with Each Score

Your Score History

You have not taken this quiz